000 00948nac a22001811u 4500
008 101110s1993 xxu||||| |||| 00| 0 ara d
020 _a9771201581
082 _a370.195
_bع ب و
100 1 _aعبود ، عبد الغنى
_921146
245 _aالتربية المقارنة فى نهايات القرن :
_bالأيديولوجيا والتربية من النظام إلى اللانظام /
_cتأليف عبد الغنى عبود
260 _aالقاهرة :
_bدار الفكر العربى ،1993
_c1993.
300 _a299 ص :
_bايض ؛
_c24 سم.
504 _aيشتمل على إرجاعات ببليوجرافية ص 265-294
511 _aCatalogued by: Sara
650 _aالتعليم المقارن
_921151
942 _cBB
_k370.195 ع ب و
_2ddc
999 _c5984
_d5984